ロード中...

Proof in geometry /

書誌詳細
第一著者: Fetisov, A. I.
その他の著者: Dubnov, IA. S.
フォーマット: Printed Book
言語:English
出版事項: Moscow : MIR Publishers, 1978.
シリーズ:Little mathematics library
主題:
LEADER 00922cam a2200193 a 4500
008 060713r20061963nyua 000 0 eng
080 |a 514.12  |b FET 
100 1 |a Fetisov, A. I. 
245 1 0 |a Proof in geometry /  |c by A.I. Fetisov. With Mistakes in geometric proofs / by Ya. S. Dubnov. 
260 |a Moscow :  |b MIR Publishers,  |c 1978. 
300 |a 61 p. :  |b ill. ; 
490 |a Little mathematics library 
500 |a "This Dover edition ... is an unabridged republication, in one volume, of Proof in geometry by A.I. Fetisov and Mistakes in geometric proofs by Ya. S. Dubnov, both of which were originally published in English by D.C. Heath and Company, Boston, in 1963."--T.p. verso. 
653 |a Geometry 
700 1 2 |a Fetisov, A. I. 
700 1 2 |a Dubnov, IA. S.  |9 1942 
942 |c BK  |6 _ 
999 |c 217389  |d 217389 
952 |0 0  |1 0  |4 0  |6 51412_FET  |7 0  |9 281657  |a MAT  |b MAT  |d 2009-11-21  |o 514.12 FET  |p MAT02243  |r 2009-11-21  |t 1  |w 2009-11-21  |y BK